|
|
|
|
| LEADER |
01807nam a2200445 i 4500 |
| 001 |
EBC30876307 |
| 003 |
MiAaPQ |
| 005 |
20231123021249.0 |
| 006 |
m o d | |
| 007 |
cr cnu|||||||| |
| 008 |
231123s2024 enka o 001 0 eng d |
| 020 |
|
|
|z 9781032270029
|q (print)
|
| 020 |
|
|
|a 9781003818137
|q (electronic bk.)
|
| 035 |
|
|
|a (MiAaPQ)EBC30876307
|
| 035 |
|
|
|a (Au-PeEL)EBL30876307
|
| 035 |
|
|
|a (OCoLC)1409030827
|
| 040 |
|
|
|a MiAaPQ
|b eng
|e rda
|e pn
|c MiAaPQ
|d MiAaPQ
|
| 050 |
|
4 |
|a JZ5536
|b .M874 2024
|
| 082 |
0 |
|
|a 303.66074
|2 23
|
| 245 |
0 |
0 |
|a Museums for Peace :
|b In Search of History, Memory, and Change /
|c edited by Joyce Apsel, Clive Barrett, and Roy Tamashiro.
|
| 250 |
|
|
|a First edition.
|
| 264 |
|
1 |
|a Abingdon, England :
|b Routledge,
|c [2024]
|
| 264 |
|
4 |
|c Ã2024
|
| 300 |
|
|
|a 1 online resource (xii, 242 pages) :
|b illustrations
|
| 336 |
|
|
|a text
|b txt
|2 rdacontent
|
| 337 |
|
|
|a computer
|b c
|2 rdamedia
|
| 338 |
|
|
|a online resource
|b cr
|2 rdacarrier
|
| 500 |
|
|
|a Includes index.
|
| 588 |
|
|
|a Description based on print version record.
|
| 590 |
|
|
|a Electronic reproduction. Ann Arbor, MI : ProQuest, 2018. Available via World Wide Web. Access may be limited to ProQuest affiliated libraries.
|
| 650 |
|
0 |
|a Peace
|x Museums.
|
| 650 |
|
0 |
|a Peace movements
|x Museums.
|
| 650 |
|
0 |
|a Museums
|x Educational aspects.
|
| 655 |
|
4 |
|a Electronic books.
|
| 700 |
1 |
|
|a Apsel, Joyce,
|e editor.
|
| 700 |
1 |
|
|a Barrett, Clive,
|e editor.
|
| 700 |
1 |
|
|a Tamashiro, Roy,
|e editor.
|
| 776 |
0 |
8 |
|i Print version:
|t Museums for Peace : In Search of History, Memory, and Change.
|b First edition.
|d Abingdon, England : Routledge, c2024
|h xii, 242 pages
|z 9781032270029
|
| 797 |
2 |
|
|a ProQuest (Firm)
|
| 856 |
4 |
0 |
|u https://ebookcentral.proquest.com/lib/matrademy/detail.action?docID=30876307
|z Click to View
|